The night before Christmas / (Record no. 412898)
[ view plain ]
| 000 -LEADER | |
|---|---|
| fixed length control field | 02236cam a2200457 i 4500 |
| 001 - CONTROL NUMBER | |
| control field | sky311551277 |
| 003 - CONTROL NUMBER IDENTIFIER | |
| control field | SKY |
| 005 - DATE AND TIME OF LATEST TRANSACTION | |
| control field | 20251022170946.0 |
| 007 - PHYSICAL DESCRIPTION FIXED FIELD--GENERAL INFORMATION | |
| fixed length control field | ta |
| 008 - FIXED-LENGTH DATA ELEMENTS--GENERAL INFORMATION | |
| fixed length control field | 241101s2025 nyua b 000 0 eng d |
| 020 ## - INTERNATIONAL STANDARD BOOK NUMBER | |
| International Standard Book Number | 9781250349941 |
| Qualifying information | hardcover |
| 020 ## - INTERNATIONAL STANDARD BOOK NUMBER | |
| International Standard Book Number | 125034994X |
| 040 ## - CATALOGING SOURCE | |
| Original cataloging agency | YDX |
| Language of cataloging | eng |
| Description conventions | rda |
| Transcribing agency | YDX |
| Modifying agency | OCLCO |
| -- | BDX |
| -- | OCLCQ |
| -- | IG# |
| -- | TOH |
| -- | OCLCO |
| -- | RNL |
| -- | OCLCO |
| -- | HEV |
| -- | SKYRV |
| 050 ## - LIBRARY OF CONGRESS CALL NUMBER | |
| Classification number | PZ |
| 082 04 - DEWEY DECIMAL CLASSIFICATION NUMBER | |
| Classification number | [E] |
| Edition number | 23/eng/20251009 |
| 092 ## - LOCALLY ASSIGNED DEWEY CALL NUMBER (OCLC) | |
| Classification number | children holiday |
| Item number | Moore |
| 100 1# - MAIN ENTRY--PERSONAL NAME | |
| Personal name | Moore, Clement Clarke, |
| Dates associated with a name | 1779-1863, |
| Relator term | author. |
| 245 14 - TITLE STATEMENT | |
| Title | The night before Christmas / |
| Statement of responsibility, etc | written by Clement C. Moore ; illustrated by Hayden Goodman. |
| 250 ## - EDITION STATEMENT | |
| Edition statement | First edition. |
| 264 #1 - Production, Publication, Distribution, Manufacture, and Copyright Notice. | |
| Place of production, publication, distribution, manufacture | New York : |
| Name of producer, publisher, distributor, manufacturer | Henry Holt and Company, |
| Date of production, publication, distribution, manufacture, or copyr | 2025. |
| 300 ## - PHYSICAL DESCRIPTION | |
| Extent | 1 volume (unpaged) : |
| Other physical details | color illustrations ; |
| Dimensions | 24 cm. |
| 336 ## - Content Type | |
| Content type term | text |
| 336 ## - Content Type | |
| Content type term | still image |
| 337 ## - Media type | |
| Media type term | unmediated |
| 338 ## - Carrier type | |
| Carrier type term | volume |
| 520 ## - SUMMARY, ETC. | |
| Summary, etc | "On Christmas Eve, a little girl is woken by the clatter of Santa's reindeer on her apartment building's roof. When jolly Saint Nick comes down her chimney, she and the other children in their apartment building get swept up in a Christmas adventure. Filled with enchanting and bright illustrations of a diverse community, readers will see themselves in this modern twist on a perennial tale. Destined to become a forever favorite, this is a holiday story readers will treasure for years to come!"--Provided by publisher. |
| 600 00 - SUBJECT ADDED ENTRY--PERSONAL NAME | |
| Personal name | Santa Claus |
| Titles and other words associated with a name | (Fictitious character) |
| Form subdivision | Juvenile poetry. |
| 9 (RLIN) | 6433463 |
| 600 10 - SUBJECT ADDED ENTRY--PERSONAL NAME | |
| Personal name | Moore, Clement Clarke, |
| Dates associated with a name | 1779-1863 |
| Form subdivision | Adaptations. |
| 9 (RLIN) | 6554187 |
| 600 11 - SUBJECT ADDED ENTRY--PERSONAL NAME | |
| Personal name | Moore, Clement Clarke, |
| Dates associated with a name | 1779-1863 |
| Form subdivision | Adaptations. |
| 9 (RLIN) | 6554187 |
| 600 01 - SUBJECT ADDED ENTRY--PERSONAL NAME | |
| Personal name | Santa Claus |
| Form subdivision | Fiction. |
| 9 (RLIN) | 5715698 |
| 650 #0 - SUBJECT ADDED ENTRY--TOPICAL TERM | |
| Topical term or geographic name as entry element | Christmas |
| Form subdivision | Juvenile poetry. |
| 9 (RLIN) | 5742717 |
| 650 #0 - SUBJECT ADDED ENTRY--TOPICAL TERM | |
| Topical term or geographic name as entry element | African Americans |
| Form subdivision | Juvenile fiction. |
| 9 (RLIN) | 5674047 |
| 650 #1 - SUBJECT ADDED ENTRY--TOPICAL TERM | |
| Topical term or geographic name as entry element | Christmas |
| Form subdivision | Fiction. |
| 9 (RLIN) | 5675145 |
| 650 #1 - SUBJECT ADDED ENTRY--TOPICAL TERM | |
| Topical term or geographic name as entry element | Christmas |
| Form subdivision | Poetry. |
| 9 (RLIN) | 5732505 |
| 650 #1 - SUBJECT ADDED ENTRY--TOPICAL TERM | |
| Topical term or geographic name as entry element | Apartment houses |
| Form subdivision | Fiction. |
| 9 (RLIN) | 5674376 |
| 650 #1 - SUBJECT ADDED ENTRY--TOPICAL TERM | |
| Topical term or geographic name as entry element | African Americans |
| Form subdivision | Fiction. |
| 9 (RLIN) | 5677287 |
| 655 #7 - INDEX TERM--GENRE/FORM | |
| Genre/form data or focus term | Christmas poetry. |
| Source of term | lcgft. |
| 9 (RLIN) | 5737091 |
| 655 #7 - INDEX TERM--GENRE/FORM | |
| Genre/form data or focus term | Picture books. |
| Source of term | lcgft. |
| 700 1# - ADDED ENTRY--PERSONAL NAME | |
| Personal name | Goodman, Hayden, |
| Relator term | illustrator. |
| 9 (RLIN) | 6554188 |
| 942 ## - ADDED ENTRY ELEMENTS (KOHA) | |
| Source of classification or shelving scheme | Dewey Decimal Classification |
| Koha item type | BOOK |
| Withdrawn status | Lost status | Source of classification or shelving scheme | Damaged status | Not for loan | Collection code | Home library | Current library | Shelving location | Date acquired | Source of acquisition | Total Checkouts | Full call number | Barcode | Date last seen | Date checked out | Cost, replacement price | Price effective from | Koha item type |
|---|---|---|---|---|---|---|---|---|---|---|---|---|---|---|---|---|---|---|
| Dewey Decimal Classification | Children Holiday Books | Wasatch County Library | Wasatch County Library | Main Floor Childrens Area | 10/22/2025 | Ingram | 1 | E Christmas Moore | 34301002170670 | 12/19/2025 | 12/02/2025 | 14.99 | 10/22/2025 | BOOK |
